01460nam a2200193 a 450000100100000000500170001000800410002704000250006811000340009324000170012724505010014426000800064530000210072550503340074659000260108070000380110695201050114499900170124900004738720201002060519.0180511s2003 dr 00 0 0 spa d aDO-SdBNPbspacBNPHU2 aRepública Dominicana :944710a[Leyes, etc]00aReglamentos tributarios para la aplicación de títulos II, III y IV del código triburario de la República Dominicana :bdecreto no. 139-98 13 de abril de 1998, decreto no. 140-98 del 13 de abril de 1998, decreto no. 79-03 del 14 de febrero del2003. Modificados por los decretos nos. 195-01 y 196-01, respectivamente, de fecha 8 de febrero del 2001. y el decreto180-03 que modifica el reglamento de aplicación de la Ley no. 20-00 sobre propiedad industrial . /cRemberto Díaz Núñez. aSanto Domingo, República Dominicana :b[Cenado de la República],c2003. a142 p. ;c21 cm.0 aReglamento para la aplicación de títulos II, III y IV DEL código tributario de la República Dominicana --tDel impuesto sbore la renta --tImpuesto sobre transferencias de bienes indutrializados y servicios (ITEBIS) --tReglamento para la aplicación del títutlo IV del Código Triburario de la República Dominicana aInventariado, 2019/VM1 aDíaz Núñez, Remberto914514 0010718PDaPDbPDcHDd2018-05-11iLF1l0o p47387-10r2020-06-25w2020-06-25yLFPDZNo se presta c46875d46875